[Event "XXV C.to Italiano a squadre A"]
[Site "ITA"]
[Date "1993.??.??"]
[Round "5"]
[White "Stavru, Alessandro"]
[Black "Marinelli, Tullio"]
[Result "0-1"]
[WhiteElo "2250"]
[BlackElo "2365"]
[PlyCount "156"]
[EventDate "1993.01.31"]

1. e4 c5 2. Nf3 d6 3. d4 cxd4 4. Nxd4 Nf6 5. Nc3 a6 6. Bg5 e6 7. f4 Be7 8. Qf3
O-O 9. O-O-O Qc7 10. Qh3 Nc6 11. Nxc6 bxc6 12. e5 dxe5 13. Bd3 e4 14. Nxe4 Nxe4
15. Bxe4 g6 16. Bxe7 Qxe7 17. Bxc6 Rb8 18. Qc3 Qc7 19. Qe5 Qb6 20. Bf3 Bb7 21.
Rd6 Qb4 22. Bxb7 Qxb7 23. Rd2 Qc6 24. Rhd1 Qa4 25. Kb1 Rb5 26. Qc7 Qb4 27. b3
Rc5 28. Qe7 Qc3 29. Qd7 Rfc8 30. Qd3 Qa5 31. c4 Qb4 32. Ka1 a5 33. Qc2 Qb8 34.
g3 a4 35. Qc3 axb3 36. axb3 Qb6 37. Qf6 Rf8 38. Rd8 Rc8 39. Rxf8+ Rxf8 40. Qc3
Qf2 41. Qd2 Ra8+ 42. Kb1 Qa7 43. Qb2 Qe3 44. Qc2 e5 45. fxe5 Qxe5 46. Qb2 Qe4+
47. Kc1 h5 48. Qd4 Qf3 49. Kb2 Qe2+ 50. Rd2 Qf1 51. Rd1 Qg2+ 52. Rd2 Qh1 53.
Kc3 Qc1+ 54. Kd3 Rb8 55. c5 Qb1+ 56. Ke2 Qxb3 57. Kf2 Qe6 58. Re2 Qh3 59. Qh4
Qf5+ 60. Qf4 Qxc5+ 61. Kg2 Qd5+ 62. Kf2 Rc8 63. Qf3 Qd4+ 64. Kg2 Kg7 65. Rf2
Rc7 66. h3 Re7 67. Kh2 Qe5 68. Kg2 Rc7 69. h4 Qe6 70. Re2 Qd7 71. Qe4 Rc5 72.
Rf2 Qd5 73. Qf3 Qe6 74. Qf4 Rc4 75. Qf3 Rg4 76. Re2 Qd6 77. Qc3+ Kh7 78. Qf3 f5
0-1

[Event "XXV C.to Italiano a squadre A"]
[Site "ITA"]
[Date "1993.??.??"]
[Round "5"]
[White "Tassi, Oliviero"]
[Black "Villa, Flavio"]
[Result "0-1"]
[WhiteElo "2320"]
[BlackElo "2000"]
[PlyCount "76"]
[EventDate "1993.01.31"]

1. e4 c6 2. d4 d5 3. Nc3 dxe4 4. Nxe4 Bf5 5. Ng3 Bg6 6. Nh3 Nf6 7. Nf4 e5 8.
Nxg6 hxg6 9. Be3 Nbd7 10. Qd2 Nd5 11. O-O-O Be7 12. Kb1 Nxe3 13. Qxe3 Qb6 14.
Bc4 exd4 15. Qe2 Kf8 16. h4 Bf6 17. Rde1 Qxb2+ 18. Kxb2 d3+ 19. Kc1 dxe2 20.
Nxe2 Rxh4 21. Rxh4 Bxh4 22. Rh1 Bg5+ 23. f4 Bh6 24. g4 f6 25. Kb2 Re8 26. Rf1
g5 27. Nd4 Nc5 28. f5 Re4 29. c3 Rxg4 30. Rd1 Ke7 31. Be6 Re4 32. Bc8 g4 33.
Ne6 Nxe6 34. Rd7+ Ke8 35. fxe6 g3 36. Rd1 Be3 37. Bxb7 Rxe6 38. Re1 Kd7 0-1

[Event "XXV C.to Italiano a squadre A"]
[Site "ITA"]
[Date "1993.??.??"]
[Round "5"]
[White "Vallifuoco, Giacomo"]
[Black "Ortega, Lexy"]
[Result "1-0"]
[WhiteElo "2380"]
[BlackElo "2440"]
[PlyCount "127"]
[EventDate "1993.01.31"]

1. d4 Nf6 2. c4 e6 3. Nf3 Bb4+ 4. Bd2 c5 5. Bxb4 cxb4 6. g3 b6 7. Bg2 Bb7 8.
O-O O-O 9. Nbd2 d6 10. Qb3 a5 11. Rfd1 Qe7 12. Nf1 Na6 13. Ne3 Rab8 14. Ne1
Bxg2 15. Kxg2 Qb7+ 16. Kg1 h5 17. a3 h4 18. Nd3 hxg3 19. hxg3 bxa3 20. bxa3 Qe4
21. Nf4 g5 22. Nh3 g4 23. Nf4 Nc7 24. Qd3 Qxd3 25. Nxd3 b5 26. a4 b4 27. Nc1 b3
28. Rb1 b2 29. Nd3 Ne4 30. Rxb2 Nc3 31. Rdd2 Rxb2 32. Rxb2 Nxa4 33. Rb7 Rc8 34.
Nxg4 Kg7 35. Ra7 Nc3 36. Kf1 a4 37. Ne3 d5 38. Ne5 dxc4 39. N3xc4 N7b5 40.
Rxf7+ Kg8 41. Rd7 a3 42. Nxa3 Nxa3 43. Ng6 Rb8 44. Nf4 Re8 45. f3 Nab5 46. g4
e5 47. Nh5 Re6 48. dxe5 Rxe5 49. e4 Kf8 50. Kf2 Nxe4+ 51. fxe4 Rxe4 52. Kg3 Nd4
53. Nf6 Ne2+ 54. Kh4 Re7 55. Rd2 Nf4 56. Kg5 Kg7 57. Kf5 Rf7 58. g5 Nh5 59. Rg2
Kf8 60. Ra2 Ng3+ 61. Kg4 Nf1 62. Ra8+ Ke7 63. Re8+ Kd6 64. Re1 1-0

[Event "XXV C.to Italiano a squadre A"]
[Site "ITA"]
[Date "1993.??.??"]
[Round "5"]
[White "Verrascina, Roberto"]
[Black "Pegorari, Pietro"]
[Result "1-0"]
[WhiteElo "2240"]
[BlackElo "2011"]
[PlyCount "116"]
[EventDate "1993.01.31"]

1. g3 d5 2. Bg2 Nf6 3. d3 e6 4. Nf3 c5 5. O-O Nc6 6. Nbd2 Be7 7. e4 O-O 8. e5
Nd7 9. Re1 Re8 10. Nf1 b5 11. h4 Bb7 12. N1h2 Rc8 13. Bf4 Nf8 14. h5 h6 15. Ng4
Nh7 16. Qd2 Bg5 17. Nfh2 Bxf4 18. gxf4 Nd4 19. Ne3 Qh4 20. c3 Nc6 21. Nef1 Qxh5
22. Re3 f5 23. Rg3 Re7 24. Bf3 Qe8 25. Qe2 g5 26. Bh5 Qf8 27. Nf3 Rg7 28. Kh2
Qe7 29. Ne3 d4 30. Ng2 Rd8 31. a4 dxc3 32. axb5 cxb2 33. Qxb2 Nd4 34. Nxd4 Rxd4
35. Rxa7 g4 36. Qa2 Nf8 37. Kg1 Rd7 38. b6 Qd8 39. Qc4 Qxb6 40. Ra1 Rd4 41. Qc2
Bxg2 42. Rxg2 Rxf4 43. Qc1 Qb4 44. Be8 Qd4 45. Ra4 Qxa4 46. Bxa4 Rxa4 47. Qxc5
Ra1+ 48. Kh2 Rg5 49. Rg1 Ra2 50. Kg3 Rh5 51. Rb1 Rh3+ 52. Kg2 f4 53. Qc4 f3+
54. Kg1 Ra7 55. Qd4 Rf7 56. Rb8 Rf5 57. Qd6 g3 58. Qxe6+ Kg7 1-0

[Event "XXV C.to Italiano a squadre A"]
[Site "ITA"]
[Date "1993.??.??"]
[Round "5"]
[White "Werther, Florian"]
[Black "Benvenuti, Carlo"]
[Result "0-1"]
[WhiteElo "1993"]
[BlackElo "2105"]
[PlyCount "104"]
[EventDate "1993.01.31"]

1. d4 d6 2. e4 Nf6 3. Nc3 c6 4. Nf3 Bg4 5. Be2 e6 6. Be3 Be7 7. Qd2 Bh5 8. Ng1
Bxe2 9. Ngxe2 O-O 10. f3 d5 11. O-O-O b5 12. exd5 exd5 13. h4 Ne8 14. Bf4 Qa5
15. Ng3 Nd6 16. Qe2 Qd8 17. Kb1 Re8 18. Qd3 Nd7 19. Bxd6 Bxd6 20. Nf5 Bf8 21.
g4 Nb6 22. g5 Qd7 23. Rdg1 Qe6 24. Rg2 g6 25. Ng3 Qe3 26. Qd1 b4 27. Nce2 Qxf3
28. Rgg1 Nc4 29. Rf1 Qe3 30. Rf6 Re6 31. Rxe6 fxe6 32. h5 Qxg5 33. hxg6 hxg6
34. Qg1 Bg7 35. Qh2 Ne3 36. Nf1 Nf5 37. Rg1 Qf6 38. c3 bxc3 39. bxc3 c5 40. Nf4
g5 41. Nh5 Qg6 42. Nxg7 Nxg7+ 43. Kb2 cxd4 44. cxd4 Qf6 45. Qd2 Rb8+ 46. Ka1 a5
47. Ne3 Rb4 48. Nc2 Rc4 49. Kb1 Qg6 50. Kb2 g4 51. Rg2 g3 52. Qxa5 Qe4 0-1

[Event "XXV C.to Italiano a squadre A"]
[Site "ITA"]
[Date "1993.??.??"]
[Round "5"]
[White "Zhu, Dinglong"]
[Black "Blasco, Domenico"]
[Result "1-0"]
[WhiteElo "2320"]
[BlackElo "2205"]
[PlyCount "69"]
[EventDate "1993.01.31"]

1. e4 Nf6 2. Nc3 d5 3. e5 Ne4 4. d3 Nxc3 5. bxc3 c5 6. f4 Nc6 7. Nf3 e6 8. d4
Qa5 9. Bd2 Qa4 10. Rb1 c4 11. g3 Be7 12. Bg2 Rb8 13. O-O O-O 14. h4 Bd7 15. Nh2
g6 16. Ng4 f5 17. exf6 Bxf6 18. h5 Ne7 19. f5 gxf5 20. Bf4 fxg4 21. Bxb8 Nf5
22. Rxf5 exf5 23. Bxd5+ Kh8 24. Rxb7 Bc6 25. Rb4 Qa6 26. Bxc4 Qc8 27. Bd6 Bf3
28. Qe1 Re8 29. Qxe8+ Qxe8 30. Rb8 Qxb8 31. Bxb8 a5 32. Kf2 Kg7 33. Ke3 Kh6 34.
Bf4+ Kxh5 35. Bf7# 1-0

[Event "XXV C.to Italiano a squadre A"]
[Site "ITA"]
[Date "1993.??.??"]
[Round "6"]
[White "Blasco, Domenico"]
[Black "Horvath, Zoltan"]
[Result "1/2-1/2"]
[WhiteElo "2205"]
[BlackElo "2345"]
[PlyCount "102"]
[EventDate "1993.01.31"]

1. d4 Nf6 2. Nf3 d5 3. Bg5 e6 4. e3 c5 5. Nbd2 Qb6 6. Bxf6 gxf6 7. Rb1 cxd4 8.
exd4 Nc6 9. Nb3 Bh6 10. Be2 O-O 11. O-O Rd8 12. Nh4 Bg5 13. Nf3 Bh6 14. Nh4 Bg5
15. Nf3 Bh6 16. Nh4 e5 17. Bg4 Nxd4 18. Nxd4 Qxd4 19. Qxd4 exd4 20. Bxc8 Raxc8
21. Nf5 Bf8 22. Nxd4 Bc5 23. Nf5 d4 24. Rbd1 Kf8 25. a3 Bb6 26. Rd2 Ba5 27. b4
Bb6 28. Rfd1 Rc4 29. g3 a5 30. bxa5 Bxa5 31. Rxd4 Rdxd4 32. Rxd4 Rxc2 33. Ra4
Rc5 34. Nd6 b6 35. Ne4 Rc1+ 36. Kg2 Kg7 37. Kf3 Kg6 38. Nd6 h5 39. h4 Rc2 40.
Nc4 Rc3+ 41. Ke2 Rb3 42. Nd6 Bc3 43. Ra8 Be5 44. Nc4 b5 45. Nxe5+ fxe5 46. a4
bxa4 47. Rxa4 f6 48. Rc4 Ra3 49. Rb4 Kf5 50. Rb8 Rc3 51. Rg8 51... Ra3 {...}
1/2-1/2

[Event "XXV C.to Italiano a squadre A"]
[Site "ITA"]
[Date "1993.??.??"]
[Round "6"]
[White "Mariotti, Sergio"]
[Black "Abatino, Maurizio"]
[Result "1-0"]
[WhiteElo "2425"]
[BlackElo "2380"]
[PlyCount "47"]
[EventDate "1993.01.31"]

1. e4 e6 2. d3 d5 3. Nd2 Nf6 4. Ngf3 Nc6 5. g3 b6 6. c3 Bb7 7. Qc2 Be7 8. Bg2
O-O 9. O-O Nb8 10. e5 Nfd7 11. Re1 c5 12. Nf1 Nc6 13. h4 b5 14. N1h2 Rc8 15.
Ng4 d4 16. Qe2 Qc7 17. Bf4 b4 18. Nf6+ gxf6 19. exf6 Bd6 20. Nxd4 Nce5 21. Nb5
Bxg2 22. Nxc7 Bf3 23. Qe3 Rxc7 24. Bxe5 1-0

[Event "XXV C.to Italiano a squadre A"]
[Site "ITA"]
[Date "1993.??.??"]
[Round "6"]
[White "Pegorari, Pietro"]
[Black "Malfagia, Andrea"]
[Result "0-1"]
[WhiteElo "2011"]
[BlackElo "2315"]
[PlyCount "120"]
[EventDate "1993.01.31"]

1. c4 Nf6 2. Nc3 g6 3. g3 Bg7 4. Bg2 O-O 5. Nf3 d6 6. O-O e5 7. d3 Nc6 8. Bg5
h6 9. Bd2 Rb8 10. Rb1 Re8 11. Ne1 Bd7 12. Nc2 a6 13. a4 Qc8 14. b4 Bh3 15. b5
Bxg2 16. Kxg2 Nd4 17. e3 Ne6 18. f3 Qd7 19. e4 c6 20. Nb4 a5 21. Nba2 d5 22.
cxd5 cxd5 23. exd5 Nxd5 24. Nxd5 Qxd5 25. Qb3 Qxb3 26. Rxb3 Rbc8 27. Bxa5 Ra8
28. Bb6 Rxa4 29. Nb4 Nd4 30. Bxd4 exd4 31. Rf2 Ra1 32. Nc2 Rd1 33. f4 Rc8 34.
Kf3 Rc3 35. Rxc3 dxc3 36. Ke3 Rb1 37. d4 Rxb5 38. Kd3 Kf8 39. Re2 Rb3 40. Kc4
Rb6 41. Kxc3 Rc6+ 42. Kb4 Bf6 43. Kb5 Rd6 44. Kc4 Rd7 45. d5 Re7 46. Rd2 Ke8
47. Kb5 Kd7 48. Kb6 Kc8 49. Na3 Re3 50. Nc4 Rb3+ 51. Kc5 Rc3 52. Kb4 Rc1 53.
Rd3 Rb1+ 54. Kc5 Rc1 55. d6 Kd7 56. Kd5 Rb1 57. Ne5+ Bxe5 58. Kxe5 Rb5+ 59. Kf6
Rf5+ 60. Kg7 60... h5 {...} 0-1

[Event "XXV C.to Italiano a squadre A"]
[Site "ITA"]
[Date "1993.??.??"]
[Round "6"]
[White "Tassi, Oliviero"]
[Black "Scerbo, Antonio"]
[Result "0-1"]
[WhiteElo "2320"]
[BlackElo "2052"]
[PlyCount "82"]
[EventDate "1993.01.31"]

1. e4 c5 2. Nf3 Nc6 3. d4 cxd4 4. Nxd4 Nf6 5. Nc3 e5 6. Ndb5 d6 7. Nd5 Nxd5 8.
exd5 Ne7 9. c4 Nf5 10. Bd3 Be7 11. O-O O-O 12. Qe1 Nh4 13. f4 a6 14. Nc3 exf4
15. Bxf4 f5 16. Rd1 Bf6 17. Qf2 Ng6 18. Bc1 Ne5 19. Bxf5 Bxf5 20. Qxf5 Nxc4 21.
Qe6+ Kh8 22. Ne4 Qb6+ 23. Kh1 Rae8 24. Qg4 Bxb2 25. Ng5 Qb5 26. Nf7+ Rxf7 27.
Rxf7 Bf6 28. Qd7 Qxd7 29. Rxd7 b5 30. Ra7 a5 31. g3 h6 32. Rc7 Re2 33. a4 Ne5
34. Rd2 Re1+ 35. Kg2 b4 36. Bb2 Kh7 37. Rb7 Kg6 38. Bxe5 Bxe5 39. Rb5 Ra1 40.
Rxa5 b3 41. Kf3 Bd4 0-1